[Event "SVK-chT2D 1213"]
[Site "Slovakia"]
[Date "2012.12.01"]
[Round "3.5"]
[White "Mrvova, Alena"]
[Black "Lacko, Rene"]
[Result "1-0"]
[WhiteElo "2229"]
[BlackElo "1549"]
[PlyCount "81"]
[EventDate "2012.10.13"]
[EventType "team-tourn"]
[EventRounds "11"]
[EventCountry "SVK"]
[SourceTitle "EXT 2015"]
[Source "ChessBase"]
[SourceDate "2014.11.20"]
[SourceVersion "1"]
[SourceVersionDate "2014.11.20"]
[SourceQuality "1"]
[WhiteTeam "Humenne"]
[BlackTeam "Gelnica Slovan"]
[WhiteTeamCountry "SVK"]
[BlackTeamCountry "SVK"]

1. e4 Nf6 2. Nc3 e5 3. Bc4 Bc5 4. Nf3 d6 5. 0-0 Bg4 6. h3 Bh5 7. d3 h6 8. Be3 Nbd7 9. Qe2 c6 10. Bxc5 Nxc5 11. Qe3 Bxf3 12. Qxf3 0-0 13. b4 Ne6 14. Ne2 Qb6 15. c3 Nc7 16. Ng3 d5 17. Bb3 Rad8 18. Nf5 dxe4 19. dxe4 Kh7 20. Rad1 Nb5 21. a4 Rxd1 22. Bxd1 Nc7 23. Qg3 g6 24. Qxe5 Nce8 25. Qe7 Kg8 26. Nxh6+ Kg7 27. Ng4 Nxg4 28. Bxg4 Nf6 29. a5 Qd8 30. Qxd8 Rxd8 31. Bf3 Rd3 32. Rc1 Nd7 33. Be2 Rd2 34. Kf1 Nf8 35. Ke1 Rd8 36. f4 f6 37. Rd1 Rxd1+ 38. Kxd1 Kf7 39. Kd2 Ke6 40. Ke3 Nd7 41. Bg4+ 1-0